000 00935cam a2200241 4500
001 WB3947-04
008 031210n2003 000 0 eng u
035 _a(Sirsi) u124597
245 _aEuropean office market report from FPDSavills
260 _c2003
490 _aFPD Savills Research
_vDecember 2003 (1)
520 _aThe West End is the most expensive office location, reports FPDSavills. According to FPD Savills research, the West End is the most expensive location in which to set up a new office in either Europe or Asia. The City and Canary Wharf were listed at the second and third in the report. The report can be viewed at http://www.fpdsavills.co.uk/
590 _aWB
650 _aEUROPE
650 _aWEST END OF LONDON
650 _aLONDON
650 _aOFFICES
650 _aCANARY WHARF
650 _aFPD SAVILLS
650 _aCITY OF LONDON
690 _aPROPERTY-COMMERCIAL PROPERTY
942 _n0
999 _c73944
_d73944